Bộ bài tập luyện thi tiếng Anh Từ vựng - ngữ pháp - đọc viết

Guardat en:
Dades bibliogràfiques
Autor principal: Lê Văn Sự
Format: Llibre
Idioma:Undetermined
Publicat: H. VHTT 2001
Matèries:
Etiquetes: Afegir etiqueta
Sense etiquetes, Sigues el primer a etiquetar aquest registre!
Thư viện lưu trữ: Trung tâm Học liệu Trường Đại học Cần Thơ
LEADER 00628nam a2200193Ia 4500
001 CTU_51988
008 210402s9999 xx 000 0 und d
020 |b 68000 
082 |a 428.24 
082 |b S550 
100 |a Lê Văn Sự 
245 0 |a Bộ bài tập luyện thi tiếng Anh Từ vựng - ngữ pháp - đọc viết 
245 0 |c Lê Văn Sự 
260 |a H. 
260 |b VHTT 
260 |c 2001 
650 |a english language,english language,english language 
650 |x textbooks for foreign speakers,vocabulary,grammar 
980 |a Trung tâm Học liệu Trường Đại học Cần Thơ